Why Mars & Venus collide : (Record no. 10981)

MARC details
000 -LEADER
fixed length control field 01943cam a2200325 a 4500
001 - CONTROL NUMBER
control field 14943525
005 - DATE AND TIME OF LATEST TRANSACTION
control field 20080718104058.0
008 - FIXED-LENGTH DATA ELEMENTS--GENERAL INFORMATION
fixed length control field 070727s2008 nyu b 000 0 eng
010 ## - LIBRARY OF CONGRESS CONTROL NUMBER
LC control number 2007030627
020 ## - INTERNATIONAL STANDARD BOOK NUMBER
International Standard Book Number 0007247451
035 ## - SYSTEM CONTROL NUMBER
System control number (OCoLC)ocn162118849
035 ## - SYSTEM CONTROL NUMBER
System control number (OCoLC)162118849
Canceled/invalid control number (OCoLC)156818257
040 ## - CATALOGING SOURCE
Original cataloging agency DLC
Transcribing agency DLC
Modifying agency DLC
050 00 - LIBRARY OF CONGRESS CALL NUMBER
Classification number BF575.S75
Item number G655 2008
082 00 - DEWEY DECIMAL CLASSIFICATION NUMBER
Classification number 155.9042
Edition number 22
Item number GRA
100 1# - MAIN ENTRY--PERSONAL NAME
Personal name Gray, John,
Dates associated with a name 1951-
245 10 - TITLE STATEMENT
Title Why Mars & Venus collide :
Remainder of title improving relationships by understanding how men and women cope differently with stress /
Statement of responsibility, etc John Gray.
246 3# - VARYING FORM OF TITLE
Title proper/short title Why Mars and Venus collide
260 ## - PUBLICATION, DISTRIBUTION, ETC. (IMPRINT)
Place of publication, distribution, etc New York :
Name of publisher, distributor, etc Collins,
Date of publication, distribution, etc c2008.
300 ## - PHYSICAL DESCRIPTION
Extent xix, 249 p. ;
Dimensions 24 cm.
504 ## - BIBLIOGRAPHY, ETC. NOTE
Bibliography, etc Includes bibliographical references (p. 235-238).
505 0# - FORMATTED CONTENTS NOTE
Formatted contents note Why Mars and Venus collide -- Hardwired to be different -- Stress hormones -- A woman's never-ending to-do list -- The 90/10 solution -- Mr. Fix-it -- The anatomy of a fight -- How to stop fighting and make up -- Talk about feelings in a fight-free zone -- Looking for love in all the right places -- Creating a lifetime of love -- Reducing stress through cellular cleansing -- Creating the brain chemicals of health, happiness, and romance -- Mars/Venus coaching & counseling.
520 ## - SUMMARY, ETC.
Summary, etc In Why Mars and Venus Collide, Gray focuses on the ways that men and women misinterpret and mismanage the stress in their daily lives, and how these reactions ultimately affect their relationships.
650 #0 - SUBJECT ADDED ENTRY--TOPICAL TERM
Topical term or geographic name as entry element Stress (Psychology)
650 #0 - SUBJECT ADDED ENTRY--TOPICAL TERM
Topical term or geographic name as entry element Man-woman relationships.
650 #0 - SUBJECT ADDED ENTRY--TOPICAL TERM
Topical term or geographic name as entry element Interpersonal relations.
942 ## - ADDED ENTRY ELEMENTS (KOHA)
Source of classification or shelving scheme Dewey Decimal Classification
Item type Book - Borrowing
Holdings
Withdrawn status Item status Source of classification or shelving scheme Damaged status Not for loan Vendor Home library Current library Shelving location Date acquired Source of acquisition Cost, normal purchase price Serial Enumeration / chronology Total Checkouts Total Renewals Full call number Barcode Checked out Date last seen Date last borrowed Koha item type
    Dewey Decimal Classification     Alahram Central Library Central Library Lower Floor 01/03/2009   58.00 368 10 13 155.9042 GRA 000015366 17/03/2020 26/09/2018 26/09/2018 Book - Borrowing